Municipis de la comarca del Pla de l'Estany - Estadísticas

Estadísticas generales
  • Esta prueba ha sido intentada 38 veces
  • La puntuación promedio es 8 de 11
Respuestas en el mapa
Las respuestas están codificadas por una escala verde-roja en el mapa de la prueba según el % correcto abajo.
 
Estadísticas de respuestas
Respuesta % Correcto
Banyoles
100%
Cornellà del Terri
84%
Porqueres
84%
Sant Miquel de Campmajor
79%
Serinyà
74%
Camós
68%
Fontcoberta
68%
Palol de Revardit
68%
Esponellà
63%
Vilademuls
63%
Crespià
53%
No se encontraron pruebas coincidentes
Distribución de puntuación
Porcentaje de gente con cada puntuación
Porcentaje por número respondido
Historial de tus puntuaciones
No has intentado esta prueba.